Comarcas de la Comunidad Valenciana (mapa) - Estadísticas

Estadísticas generales
  • Esta prueba ha sido intentada 515 veces
  • La puntuación promedio es 18 de 34
Respuestas en el mapa
Las respuestas están codificadas por una escala verde-roja en el mapa de la prueba según el % correcto abajo.
 
Estadísticas de respuestas
Respuesta % Correcto
Valencia
85%
Huerta Sur
75%
Huerta Norte
73%
La Safor
71%
Requena-Utiel
68%
El Rincón
67%
Marina Alta
65%
Marina Baja
64%
Bajo Vinalopó
62%
Alto Vinalopó
61%
Ribera Alta
60%
Ribera Baja
60%
Alto Maestrazgo
54%
Bajo Maestrazgo
53%
Bajo Segura
52%
Plana Baja
52%
Los Puertos de Morella
51%
Hoya de Alcoy
50%
Plana Alta
50%
Hoya de Buñol
49%
Vinalopó Medio
48%
Campo de Alicante
47%
Alto Palancia
46%
Huerta Oeste
46%
Costera
45%
Campo de Murviedro
44%
Los Serranos
44%
Valle de Albaida
43%
Campo de Turia
42%
Condado de Cocentaina
40%
Alcalatén
39%
Alto Mijares
39%
Canal de Navarrés
34%
Valle de Ayora
26%
No se encontraron pruebas coincidentes
Distribución de puntuación
Porcentaje de gente con cada puntuación
Porcentaje por número respondido
Historial de tus puntuaciones
No has intentado esta prueba.